[Event "Melbourne op"]
[Site "Melbourne"]
[Date "2024.04.04"]
[Round "3"]
[White "Liu, Zhaoqi"]
[Black "Wallis, Christopher"]
[Result "1/2-1/2"]
[WhiteElo "2402"]
[BlackElo "2259"]
[PlyCount "277"]
[EventDate "2024.04.03"]
[EventType "swiss"]
[EventRounds "9"]
[EventCountry "AUS"]
[SourceTitle "CB18_2024"]
[SourceDate "2024.05.01"]
[SourceVersion "1"]
[SourceVersionDate "2024.05.01"]
[SourceQuality "2"]

1. c4 c5 2. Nc3 Nc6 3. g3 g6 4. Bg2 Bg7 5. a3 e6 6. Rb1 Nge7 7. b4 cxb4 8. axb4 0-0 9. Nf3 d5 10. b5 Na5 11. cxd5 exd5 12. d4 Bf5 13. Ra1 Rc8 14. Bd2 b6 15. 0-0 f6 16. Nh4 Be6 17. Na4 Nc4 18. Bb4 Rf7 19. Nc3 g5 20. Nf3 Ng6 21. e4 dxe4 22. d5 Bg4 23. Nxe4 Bxf3 24. Bxf3 f5 25. Nc3 Nd6 26. Rc1 Rfc7 27. Na2 Rxc1 28. Nxc1 Ne5 29. Nd3 Nec4 30. Bxd6 Nxd6 31. Nb4 Nxb5 32. Nc6 Qf8 33. Qa4 Qc5 34. Re1 Bf6 35. Nxa7 Nd4 36. Bg2 Rf8 37. Nc6 f4 38. gxf4 gxf4 39. Be4 Kh8 40. Qa7 Bg7 41. Qd7 f3 42. Qh3 h6 43. Nxd4 Qxd4 44. Qh5 Qd2 45. Rf1 Qf4 46. Qg6 Qg5+ 47. Qxg5 hxg5 48. d6 Be5 49. d7 Rd8 50. Rd1 Kg7 51. Bxf3 Kf6 52. Bc6 Ke7 53. Kg2 Rf8 54. Bb5 Bd6 55. Re1+ Kf7 56. Re8 Bc7 57. Kf3 Bd8 58. Kg4 Kg7 59. Kg3 Bc7+ 60. Kg2 Bd8 61. f3 Bf6 62. Kf2 Rh8 63. Ke3 Bd8 64. Bc6 Bf6 65. Kd3 Bd8 66. Kc4 Bf6 67. Kb5 Rxh2 68. d8Q Bxd8 69. Rxd8 Rb2+ 70. Ka6 Rb4 71. Bd7 Rd4 72. Kxb6 Rd3 73. Kc7 Rxf3 74. Ra8 Rc3+ 75. Kd6 Kg6 76. Ke7 Kg7 77. Ra5 Re3+ 78. Be6 Kg6 79. Ra8 Rf3 80. Rg8+ Kh5 81. Rh8+ Kg6 82. Ra8 Kh5 83. Ra4 Rf4 84. Ra8 Kh4 85. Kd6 Kg3 86. Ke5 Rf2 87. Rg8 Kf3 88. Rxg5 Ke3 89. Bd5 Kd2 90. Kd4 Rh2 91. Be4 Rf2 92. Ra5 Ke2 93. Rb5 Kd2 94. Rb1 Ke2 95. Bd3+ Kd2 96. Rb2+ Ke1 97. Bc2 Kd2 98. Bg6+ Ke1 99. Rb3 Kd2 100. Rd3+ Ke1 101. Kc3 Rf6 102. Be4 Kf2 103. Kd4 Ke2 104. Rc3 Rf2 105. Bg6 Rf4+ 106. Ke5 Rf2 107. Ke4 Ke1 108. Bh5 Kd2 109. Rd3+ Kc2 110. Bd1+ Kb2 111. Ke3 Rh2 112. Be2 Rh4 113. Kd2 Rb4 114. Rc3 Rb3 115. Rc2+ Ka3 116. Rc6 Rb2+ 117. Ke3 Kb4 118. Bd3 Ka5 119. Ra6+ Kb4 120. Kd4 Kb3 121. Rc6 Kb4 122. Rc3 Ka5 123. Kd5 Kb4 124. Rc4+ Ka5 125. Kc6 Rb6+ 126. Kc7 Rb4 127. Rc3 Rb2 128. Rc6 Kb4 129. Bc2 Ka3 130. Kd6 Rb5 131. Bd3 Rb4 132. Kc5 Kb3 133. Ra6 Kc3 134. Bb5 Rb2 135. Rf6 Kd2 136. Kc4 Rc2+ 137. Kd4 Rb2 138. Bc4 Kc2 139. Rf2+ 1/2-1/2

[Event "Titled Tuesday intern op 14th Nov Early"]
[Site "Chess.com INT"]
[Date "2023.11.14"]
[Round "3"]
[White "Liu, Zhaoqi"]
[Black "Oparin, Grigoriy"]
[Result "0-1"]
[WhiteElo "2401"]
[BlackElo "2667"]
[PlyCount "78"]
[EventDate "2023.11.14"]
[EventType "swiss (blitz)"]
[EventRounds "11"]
[EventCountry "USA"]
[SourceTitle "CB47_2023"]
[SourceDate "2023.11.22"]
[SourceVersion "1"]
[SourceVersionDate "2023.11.22"]
[SourceQuality "1"]

1. c4 Nf6 2. Nc3 e5 3. Nf3 Nc6 4. e4 b6 5. d4 exd4 6. Nxd4 Bb7 7. Nc2 Bc5 8. Be2 0-0 9. 0-0 Re8 10. Bg5 h6 11. Bxf6 Qxf6 12. Nd5 Qd8 13. b4 Bf8 14. Bd3 Ne5 15. f4 Nxd3 16. Qxd3 a5 17. a3 c6 18. Nc3 axb4 19. axb4 Rxa1 20. Rxa1 Qf6 21. Ra7 Bc8 22. g3 Qg6 23. Ra1 h5 24. Rd1 h4 25. Kf2 d6 26. Ne3 Qh5 27. Qe2 Qh6 28. Qf3 d5 29. cxd5 Bxb4 30. Ne2 cxd5 31. Rxd5 Bc5 32. Kg2 hxg3 33. Rh5 Qe6 34. Nxg3 Qa2+ 35. Ne2 Rxe4 36. Qxe4 Qxe2+ 37. Kh1 Qxh5 38. Qe8+ Kh7 39. Qxc8 Bxe3 0-1

[Event "Titled Tuesday intern op 14th Nov Early"]
[Site "Chess.com INT"]
[Date "2023.11.14"]
[Round "6"]
[White "Liu, Zhaoqi"]
[Black "Rosen, Eric S"]
[Result "1/2-1/2"]
[WhiteElo "2401"]
[BlackElo "2361"]
[PlyCount "149"]
[EventDate "2023.11.14"]
[EventType "swiss (blitz)"]
[EventRounds "11"]
[EventCountry "USA"]
[SourceTitle "CB47_2023"]
[SourceDate "2023.11.22"]
[SourceVersion "1"]
[SourceVersionDate "2023.11.22"]
[SourceQuality "1"]

1. c4 e6 2. Nc3 d5 3. d4 Nf6 4. Bg5 c6 5. cxd5 exd5 6. e3 Bd6 7. Bd3 h6 8. Bh4 0-0 9. Qc2 Re8 10. Nge2 a5 11. 0-0 Bxh2+ 12. Kxh2 Ng4+ 13. Kg3 g5 14. Bf5 gxh4+ 15. Kh3 Qg5 16. Bxc8 Rxc8 17. g3 Nf6 18. Kg2 Ng4 19. Kh3 Nf6 20. Kg2 hxg3 21. Nxg3 Qg6 22. Qf5 Nbd7 23. Rh1 Kh7 24. Rag1 Rg8 25. Kf1 Qxf5 26. Nxf5 Rxg1+ 27. Kxg1 h5 28. Ne2 Kg6 29. Nd6 Rf8 30. Nf4+ Kh6 31. Nxb7 Rb8 32. Nd6 Rxb2 33. Nxf7+ Kg7 34. Ne5 Rxa2 35. Kg2 a4 36. Nxh5+ Nxh5 37. Nxd7 Nf6 38. Nxf6 Kxf6 39. Rh6+ Kf5 40. Rxc6 Ke4 41. Kg3 Ra1 42. Re6+ Kd3 43. Re5 Kc4 44. e4 dxe4 45. Rxe4 a3 46. Re8 Kxd4 47. Ra8 Kc4 48. f4 Kb3 49. Rb8+ Kc3 50. Rc8+ Kb2 51. Rb8+ Kc2 52. Rc8+ Kd2 53. Rd8+ Kc1 54. Rc8+ Kb2 55. Rb8+ Ka2 56. f5 Rf1 57. Kg4 Rf2 58. Kg5 Rb2 59. Ra8 Rg2+ 60. Kf6 Kb2 61. Ke6 Re2+ 62. Kf7 a2 63. Rxa2+ Kxa2 64. f6 Kb3 65. Kg8 Rg2+ 66. Kf8 Kc4 67. f7 Kd5 68. Ke8 Re2+ 69. Kd7 Rf2 70. Ke8 Re2+ 71. Kd7 Ra2 72. f8Q Ra7+ 73. Ke8 Ra8+ 74. Kf7 Rxf8+ 75. Kxf8 1/2-1/2

[Event "Titled Tuesday intern op 19th Sep Early"]
[Site "Chess.com INT"]
[Date "2023.09.19"]
[Round "10"]
[White "Liu, Zhaoqi"]
[Black "Sericano, Claudio"]
[Result "1-0"]
[WhiteElo "2396"]
[BlackElo "2260"]
[PlyCount "81"]
[EventDate "2023.09.19"]
[EventType "swiss (blitz)"]
[EventRounds "11"]
[EventCountry "USA"]
[SourceTitle "EXT 2024"]
[Source "ChessBase"]
[SourceDate "2023.10.10"]
[SourceVersion "1"]
[SourceVersionDate "2023.10.10"]
[SourceQuality "1"]

1. e4 c5 2. Nf3 a6 3. Bc4 b5 4. Bd5 Nc6 5. Ne5 Nxe5 6. Bxa8 e6 7. 0-0 Nf6 8. d4 cxd4 9. Qxd4 Qc7 10. Bf4 Nf3+ 11. gxf3 Qxf4 12. Qc3 Bd6 13. Rd1 Qxh2+ 14. Kf1 0-0 15. Nd2 Nh5 16. Ke1 Nf4 17. Nf1 Ng2+ 18. Ke2 Qf4 19. Ne3 Nh4 20. Rg1 Qxf3+ 21. Ke1 f6 22. Qd3 Qf4 23. Ng2 Nf3+ 24. Kf1 Nh2+ 25. Ke2 Qe5 26. Rh1 Ng4 27. f4 Qxb2 28. Rac1 Qxa2 29. e5 Bc5 30. Qxh7+ Kf7 31. Qh5+ Ke7 32. Qxg4 Qc4+ 33. Kf3 Qc3+ 34. Ke2 Qc4+ 35. Ke1 Qc3+ 36. Kf1 Qc4+ 37. Qe2 Qb4 38. exf6+ Rxf6 39. Rh7 Rf7 40. Be4 d6 41. Bg6 1-0

[Event "Titled Tuesday intern op 12th Sep Early"]
[Site "Chess.com INT"]
[Date "2023.09.12"]
[Round "1"]
[White "Liu, Zhaoqi"]
[Black "Goutham Krishna, H."]
[Result "0-1"]
[WhiteElo "2396"]
[BlackElo "2266"]
[PlyCount "60"]
[EventDate "2023.09.12"]
[EventType "swiss (blitz)"]
[EventRounds "11"]
[EventCountry "USA"]
[SourceTitle "EXT 2024"]
[Source "ChessBase"]
[SourceDate "2023.10.10"]
[SourceVersion "1"]
[SourceVersionDate "2023.10.10"]
[SourceQuality "1"]

1. c4 Nf6 2. Nc3 g6 3. g3 Bg7 4. Bg2 0-0 5. d4 d6 6. Nf3 Nbd7 7. 0-0 e5 8. e3 Re8 9. a4 a5 10. b3 Nf8 11. Ba3 e4 12. Nd2 Bf5 13. Rc1 h5 14. Nd5 N8h7 15. Nxf6+ Qxf6 16. f3 exf3 17. Qxf3 Qe7 18. h4 Qxe3+ 19. Qxe3 Rxe3 20. Bxb7 Rb8 21. Bf3 Bxd4 22. Kg2 Rd3 23. Rcd1 Be3 24. Bc1 Nf6 25. Be2 Rd4 26. Rf3 Ng4 27. Rff1 Bc2 28. Bxg4 hxg4 29. Nf3 gxf3+ 30. Kxf3 Rxd1 0-1

[Event "Titled Tuesday intern op 12th Sep Early"]
[Site "Chess.com INT"]
[Date "2023.09.12"]
[Round "2"]
[White "Liu, Zhaoqi"]
[Black "Javakhadze, Zurab"]
[Result "0-1"]
[WhiteElo "2396"]
[BlackElo "2457"]
[PlyCount "68"]
[EventDate "2023.09.12"]
[EventType "swiss (blitz)"]
[EventRounds "11"]
[EventCountry "USA"]
[SourceTitle "EXT 2024"]
[Source "ChessBase"]
[SourceDate "2023.10.10"]
[SourceVersion "1"]
[SourceVersionDate "2023.10.10"]
[SourceQuality "1"]

1. c4 e6 2. Nc3 d5 3. d4 Nf6 4. Bg5 Nbd7 5. cxd5 exd5 6. e3 c6 7. Bd3 h6 8. Bh4 Be7 9. Qc2 0-0 10. Nge2 Re8 11. 0-0 Ne4 12. Bxe7 Qxe7 13. Rae1 Nd6 14. Ng3 Nf6 15. f3 h5 16. e4 h4 17. Nf5 Bxf5 18. exf5 Qxe1 19. Rxe1 Rxe1+ 20. Kf2 Rae8 21. Ne2 Rh1 22. h3 Nd7 23. Qd2 Nc4 24. Bxc4 dxc4 25. Qa5 Rb1 26. Qc7 Nb6 27. Nf4 Rxb2+ 28. Kg1 c3 29. Nd3 c2 30. Kh2 Rb1 31. Qf4 Rd1 32. f6 Nd5 33. Qg5 Nxf6 34. f4 Rxd3 0-1

[Event "Titled Tuesday intern op 12th Sep Early"]
[Site "Chess.com INT"]
[Date "2023.09.12"]
[Round "5"]
[White "Liu, Zhaoqi"]
[Black "Lebedev, Artem S"]
[Result "1/2-1/2"]
[WhiteElo "2396"]
[BlackElo "2033"]
[PlyCount "84"]
[EventDate "2023.09.12"]
[EventType "swiss (blitz)"]
[EventRounds "11"]
[EventCountry "USA"]
[SourceTitle "EXT 2024"]
[Source "ChessBase"]
[SourceDate "2023.10.10"]
[SourceVersion "1"]
[SourceVersionDate "2023.10.10"]
[SourceQuality "1"]

1. e4 e5 2. Nf3 Nc6 3. Bc4 Bc5 4. 0-0 Nf6 5. c3 d6 6. d4 exd4 7. cxd4 Bb6 8. Nc3 Bg4 9. Be3 0-0 10. Nd5 Nxe4 11. Nxb6 axb6 12. Bd3 d5 13. Qb1 Re8 14. Nd2 Nxd2 15. Bxh7+ Kh8 16. Bxd2 Nxd4 17. Bd3 Qh4 18. f3 Bf5 19. g3 Qh3 20. Rf2 c5 21. Bc3 Qh7 22. Bxf5 Nxf5 23. Qd1 Re6 24. Qd2 Rae8 25. Raf1 Ne3 26. Re1 Nc4 27. Rxe6 fxe6 28. Qd1 Qg6 29. Bd2 Ne5 30. Bc1 Nd3 31. Rf1 Nxc1 32. Qxc1 e5 33. Qd2 d4 34. Qe2 e4 35. fxe4 Rxe4 36. Qf2 Re8 37. Qf4 Qh6 38. Qf5 Qe3+ 39. Rf2 Qe1+ 40. Rf1 Qe3+ 41. Rf2 Qe1+ 42. Rf1 Qe3+ 1/2-1/2

[Event "Titled Tuesday intern op 01st Aug Early"]
[Site "Chess.com INT"]
[Date "2023.08.01"]
[Round "7"]
[White "Liu, Zhaoqi"]
[Black "Borgaonkar, Akshay"]
[Result "0-1"]
[WhiteElo "2396"]
[BlackElo "2076"]
[PlyCount "70"]
[EventDate "2023.08.01"]
[EventType "swiss (blitz)"]
[EventRounds "11"]
[EventCountry "USA"]
[SourceTitle "EXT 2024"]
[Source "ChessBase"]
[SourceDate "2023.10.10"]
[SourceVersion "1"]
[SourceVersionDate "2023.10.10"]
[SourceQuality "1"]

1. c4 Nf6 2. Nc3 e6 3. e4 d5 4. cxd5 exd5 5. e5 d4 6. exf6 dxc3 7. Bb5+ c6 8. Qe2+ Be6 9. Bc4 Qxf6 10. dxc3 Bc5 11. Bxe6 fxe6 12. Nf3 0-0 13. Be3 Nd7 14. 0-0 Bxe3 15. Qxe3 Nb6 16. Rfe1 Rae8 17. Rad1 Nd5 18. Qxa7 Qg6 19. Ne5 Qc2 20. Nd3 e5 21. Qxb7 e4 22. Qxc6 Rd8 23. Qe6+ Kh8 24. Qxe4 Nf4 25. Rf1 Nxd3 26. f3 Rfe8 27. Qf5 Re2 28. Qg5 Rd5 29. Qg4 h6 30. h4 Nf4 31. Qc8+ Kh7 32. Rxd5 Rxg2+ 33. Kh1 Rh2+ 34. Kg1 Rh1+ 35. Kxh1 Qg2# 0-1

[Event "Titled Tuesday intern op 01st Aug Early"]
[Site "Chess.com INT"]
[Date "2023.08.01"]
[Round "1"]
[White "Liu, Zhaoqi"]
[Black "Wagh, Suyog"]
[Result "1-0"]
[WhiteElo "2396"]
[BlackElo "2221"]
[PlyCount "127"]
[EventDate "2023.08.01"]
[EventType "swiss (blitz)"]
[EventRounds "11"]
[EventCountry "USA"]
[SourceTitle "EXT 2024"]
[Source "ChessBase"]
[SourceDate "2023.10.10"]
[SourceVersion "1"]
[SourceVersionDate "2023.10.10"]
[SourceQuality "1"]

1. c4 e5 2. Nc3 Nf6 3. Nf3 Nc6 4. e4 Bb4 5. d3 0-0 6. a3 Bc5 7. b4 Bd4 8. Bd2 d6 9. Be2 Bb6 10. 0-0 Bg4 11. Bg5 h6 12. Be3 Bxf3 13. Bxf3 Bd4 14. Qd2 a6 15. Rab1 Re8 16. Bd1 Bxe3 17. fxe3 Ne7 18. Bb3 c6 19. h3 Ng6 20. Rf2 Qe7 21. Rbf1 Rad8 22. a4 Nf8 23. Qa2 Ne6 24. Ne2 a5 25. b5 Nc5 26. Bc2 d5 27. cxd5 cxd5 28. Ng3 Qe6 29. Qa3 b6 30. Bb1 dxe4 31. Ba2 Rxd3 32. Qb2 Qd7 33. Nh5 Rd6 34. Nxf6+ Rxf6 35. Rxf6 gxf6 36. Qf2 Qd6 37. Qg3+ Kf8 38. Qh4 Ke7 39. Qxh6 Nxa4 40. Qh5 Rf8 41. Rd1 Qc7 42. Rf1 Nc3 43. Bb3 a4 44. Qf5 Qd6 45. Bc4 a3 46. Qf2 a2 47. Qb2 Na4 48. Qxa2 Nc5 49. Qb2 Nd7 50. Qf2 Qc5 51. Qe2 Qb4 52. Rd1 Rc8 53. Qa2 Rc7 54. Bb3 Qc5 55. Bxf7 Qxe3+ 56. Kh1 Nc5 57. Qd5 Kf8 58. Bg6 Re7 59. Qa8+ Kg7 60. Qd8 Kxg6 61. Qxe7 Nd3 62. Qe8+ Kf5 63. Qd7+ Kf4 64. Qg4# 1-0

[Event "Titled Tuesday intern op 25th Jul Early"]
[Site "Chess.com INT"]
[Date "2023.07.25"]
[Round "4"]
[White "Chitlange, Sakshi"]
[Black "Liu, Zhaoqi"]
[Result "0-1"]
[WhiteElo "2250"]
[BlackElo "2396"]
[PlyCount "122"]
[EventDate "2023.07.25"]
[EventType "swiss (blitz)"]
[EventRounds "11"]
[EventCountry "USA"]
[SourceTitle "EXT 2024"]
[Source "ChessBase"]
[SourceDate "2023.10.10"]
[SourceVersion "1"]
[SourceVersionDate "2023.10.10"]
[SourceQuality "1"]

1. d4 Nf6 2. c4 c5 3. d5 e6 4. Nc3 exd5 5. cxd5 d6 6. Nf3 g6 7. Bf4 Bg7 8. e3 0-0 9. h3 Na6 10. Be2 Nc7 11. a4 a6 12. 0-0 Rb8 13. Rb1 b5 14. axb5 axb5 15. b4 Bf5 16. Rb3 c4 17. Ra3 Ne4 18. Nxe4 Bxe4 19. Ng5 Bxd5 20. e4 h6 21. exd5 hxg5 22. Be3 Ra8 23. Rxa8 Qxa8 24. Bxg5 Qxd5 25. Be7 Re8 26. Bxd6 Qxd1 27. Bxd1 Nd5 28. Bf3 Rd8 29. Bc5 Nf4 30. Bc6 Ne2+ 31. Kh1 Nc3 32. Re1 Rd2 33. Re8+ Kh7 34. Re7 Nd1 35. Rxf7 c3 36. Bf8 c2 37. Rxg7+ Kh8 38. Bd5 Rxd5 39. Rc7 Nc3 40. Bh6 Rd1+ 41. Kh2 c1Q 42. Bxc1 Rxc1 43. h4 Ne2 44. Rb7 Nd4 45. Rd7 Rc4 46. g4 Rxb4 47. Kg3 Rc4 48. Kf4 Ne2+ 49. Kg5 Kg8 50. Kxg6 Rc6+ 51. Kf5 Rb6 52. h5 b4 53. g5 b3 54. g6 b2 55. Rd8+ Kg7 56. Rd7+ Kg8 57. Rd8+ Kg7 58. h6+ Kxh6 59. Rh8+ Kg7 60. Rh7+ Kg8 61. g7 Kxh7 0-1

[Event "Titled Tuesday intern op 25th Jul Early"]
[Site "Chess.com INT"]
[Date "2023.07.25"]
[Round "1"]
[White "Danielyan, Vahe"]
[Black "Liu, Zhaoqi"]
[Result "0-1"]
[WhiteElo "2346"]
[BlackElo "2396"]
[PlyCount "86"]
[EventDate "2023.07.25"]
[EventType "swiss (blitz)"]
[EventRounds "11"]
[EventCountry "USA"]
[SourceTitle "EXT 2024"]
[Source "ChessBase"]
[SourceDate "2023.10.10"]
[SourceVersion "1"]
[SourceVersionDate "2023.10.10"]
[SourceQuality "1"]

1. d4 Nf6 2. Nc3 d5 3. Bf4 g6 4. Qd2 c5 5. e3 Bg7 6. Nf3 Nc6 7. h4 0-0 8. Be2 Bf5 9. dxc5 Ne4 10. Nxe4 dxe4 11. Nd4 Nxd4 12. exd4 Qxd4 13. Be3 Qxb2 14. 0-0 Rfd8 15. Qa5 Qxc2 16. Bd1 Qc3 17. Qxc3 Bxc3 18. Rb1 Rab8 19. Bb3 e5 20. Rfc1 Bd4 21. Ba4 Be6 22. Rc2 f5 23. Bg5 Rdc8 24. Rbc1 Rc7 25. Bb3 Kf7 26. Bd2 Rbc8 27. Bb4 Bxb3 28. axb3 Rc6 29. Ba3 a5 30. Rc4 Ke6 31. Kf1 Kd5 32. b4 axb4 33. Rxb4 Bxc5 34. Rb5 b6 35. Bb2 Ke6 36. g3 Bd4 37. Bxd4 Rxc1+ 38. Kg2 exd4 39. Rxb6+ R8c6 40. Rb7 Rc7 41. Rb6+ R1c6 42. Rb8 d3 43. Re8+ Re7 0-1

[Event "Titled Tuesday intern op 25th Jul Early"]
[Site "Chess.com INT"]
[Date "2023.07.25"]
[Round "8"]
[White "Liu, Zhaoqi"]
[Black "Vivaan, Vishal Shah"]
[Result "0-1"]
[WhiteElo "2396"]
[BlackElo "2047"]
[PlyCount "120"]
[EventDate "2023.07.25"]
[EventType "swiss (blitz)"]
[EventRounds "11"]
[EventCountry "USA"]
[SourceTitle "EXT 2024"]
[Source "ChessBase"]
[SourceDate "2023.10.10"]
[SourceVersion "1"]
[SourceVersionDate "2023.10.10"]
[SourceQuality "1"]

1. c4 c5 2. Nc3 g6 3. g3 Bg7 4. Bg2 Nc6 5. b3 e5 6. Bb2 Nge7 7. e3 d6 8. Nge2 0-0 9. d3 f5 10. Kd2 Be6 11. Nd5 Rc8 12. h4 h5 13. Nec3 Nb4 14. Nxe7+ Qxe7 15. a3 Nc6 16. Nd5 Qf7 17. Qc2 Ne7 18. Nxe7+ Qxe7 19. Rae1 Qf7 20. f4 b6 21. Bc3 Rfd8 22. Kc1 b5 23. Rhf1 e4 24. dxe4 bxc4 25. bxc4 Bxc4 26. exf5 Bb3 27. Qd3 Bc4 28. Qc2 Bb3 29. Qd3 c4 30. Qd2 Qxf5 31. Bd5+ Kh7 32. e4 Qf8 33. f5 Bh6 34. Rf4 gxf5 35. exf5 Re8 36. Re6 Rxe6 37. Bxe6 Re8 38. Qd4 d5 39. Qxa7+ Re7 40. Qd4 Re8 41. Qa7+ Re7 42. Qd4 Rg7 43. Bb4 Qe8 44. Bxd5 Qe2 45. Qe4 Qxe4 46. Bxe4 Rxg3 47. f6+ Kg8 48. f7+ Kh8 49. f8Q+ Bxf8 50. Rxf8+ Kg7 51. Rf5 Rg4 52. Rg5+ Rxg5 53. hxg5 h4 54. Be7 Kf7 55. Bc5 c3 56. Bd4 h3 57. Be5 Ke6 58. Bxc3 h2 59. Bb4 Bd5 60. Bxd5+ Kxd5 0-1

[Event "Titled Tuesday intern op 18th Jul Early"]
[Site "Chess.com INT"]
[Date "2023.07.18"]
[Round "5"]
[White "Liu, Zhaoqi"]
[Black "Kiseleva, Arina"]
[Result "1-0"]
[WhiteElo "2396"]
[BlackElo "1962"]
[PlyCount "67"]
[EventDate "2023.07.18"]
[EventType "swiss (blitz)"]
[EventRounds "11"]
[EventCountry "USA"]
[SourceTitle "EXT 2024"]
[Source "ChessBase"]
[SourceDate "2023.10.10"]
[SourceVersion "1"]
[SourceVersionDate "2023.10.10"]
[SourceQuality "1"]

1. c4 e5 2. Nc3 Bb4 3. Nd5 Be7 4. Nf3 d6 5. d4 exd4 6. Nxd4 Nc6 7. g3 Nf6 8. Bg2 Nxd5 9. cxd5 Ne5 10. 0-0 0-0 11. b3 a5 12. Bb2 a4 13. bxa4 Bf6 14. Rc1 Bd7 15. Nb5 Nf3+ 16. Bxf3 Bxb2 17. Rc4 Bxb5 18. axb5 b6 19. a4 Ba3 20. Qc2 Bc5 21. Rh4 g6 22. Qc1 f5 23. Qh6 Rf7 24. Rc1 Qf6 25. Qd2 Re7 26. Kg2 g5 27. Rhc4 g4 28. Bxg4 fxg4 29. Rxg4+ Rg7 30. Rf4 Qe5 31. Rcc4 Qg5 32. Rce4 h5 33. h4 Rf8 34. hxg5 1-0

[Event "Titled Tuesday intern op 18th Jul Early"]
[Site "Chess.com INT"]
[Date "2023.07.18"]
[Round "1"]
[White "Tregubov, Pavel V"]
[Black "Liu, Zhaoqi"]
[Result "1/2-1/2"]
[WhiteElo "2567"]
[BlackElo "2396"]
[PlyCount "113"]
[EventDate "2023.07.18"]
[EventType "swiss (blitz)"]
[EventRounds "11"]
[EventCountry "USA"]
[SourceTitle "EXT 2024"]
[Source "ChessBase"]
[SourceDate "2023.10.10"]
[SourceVersion "1"]
[SourceVersionDate "2023.10.10"]
[SourceQuality "1"]

1. e4 e6 2. d4 d5 3. exd5 exd5 4. Nf3 Nf6 5. Bd3 Bd6 6. Qe2+ Be6 7. c4 dxc4 8. Bxc4 Qe7 9. Bxe6 fxe6 10. 0-0 0-0 11. Re1 Re8 12. Bg5 Nc6 13. Nc3 Qf7 14. Qb5 a6 15. Qb3 e5 16. Qxf7+ Kxf7 17. d5 Nd4 18. Nxd4 exd4 19. Bxf6 Kxf6 20. Ne4+ Ke5 21. Nc3+ Kf5 22. Ne2 Be5 23. Red1 Bxh2+ 24. Kf1 Be5 25. Nxd4+ Kf6 26. Rac1 Rad8 27. Ne6 Rd7 28. Nc5 Rd6 29. Nxb7 Rb6 30. Rc6+ Rxc6 31. dxc6 Re6 32. Nd8 Rd6 33. Rxd6+ Bxd6 34. Nb7 Ke5 35. Ke2 Kd5 36. Kd3 Kxc6 37. Nxd6 Kxd6 38. Kd4 c6 39. b4 g6 40. f4 h5 41. g3 Ke6 42. Kc5 Kf5 43. Kxc6 Kg4 44. a4 Kxg3 45. b5 axb5 46. axb5 h4 47. b6 h3 48. b7 h2 49. b8Q h1Q+ 50. Kd7 Qd1+ 51. Ke7 Qe2+ 52. Kf6 Kg4 53. Qe5 Qc4 54. Qg5+ Kf3 55. Qxg6 Qxf4+ 56. Qf5 Qxf5+ 57. Kxf5 1/2-1/2

[Event "Titled Tuesday intern op 11th Jul Early"]
[Site "Chess.com INT"]
[Date "2023.07.11"]
[Round "7"]
[White "Gulamirian, Korun"]
[Black "Liu, Zhaoqi"]
[Result "1/2-1/2"]
[WhiteElo "1816"]
[BlackElo "2396"]
[PlyCount "88"]
[EventDate "2023.07.11"]
[EventType "swiss (blitz)"]
[EventRounds "11"]
[EventCountry "USA"]
[SourceTitle "EXT 2024"]
[Source "ChessBase"]
[SourceDate "2023.10.10"]
[SourceVersion "1"]
[SourceVersionDate "2023.10.10"]
[SourceQuality "1"]

1. e4 e6 2. d4 d5 3. Nd2 Be7 4. Bd3 Nf6 5. e5 Nfd7 6. Ne2 c5 7. c3 Nc6 8. Nf3 c4 9. Bc2 b5 10. a3 a5 11. 0-0 Ba6 12. Be3 Qb6 13. Nd2 g5 14. g3 h5 15. f4 g4 16. f5 0-0-0 17. f6 Bf8 18. b3 Bh6 19. Bf4 Rdg8 20. Kh1 Bb7 21. a4 bxa4 22. Rxa4 Ncxe5 23. dxe5 d4+ 24. Be4 d3 25. Rxc4+ Kb8 26. Nd4 h4 27. Nc6+ Ka8 28. Ne7 hxg3 29. Bxg3 Bxd2 30. Bxb7+ Qxb7+ 31. Nc6 Rc8 32. Qxd2 Rxc6 33. Rxc6 Qxc6+ 34. Kg1 Qc5+ 35. Kg2 Qd5+ 36. Kg1 Nc5 37. c4 Qd4+ 38. Bf2 Qxe5 39. Qxa5+ Kb7 40. Qb5+ Ka8 41. Qa5+ Kb7 42. Qb5+ Ka8 43. Bg3 Qe3+ 44. Bf2 Qe5 1/2-1/2

[Event "Titled Tuesday intern op 11th Jul Early"]
[Site "Chess.com INT"]
[Date "2023.07.11"]
[Round "5"]
[White "Liu, Zhaoqi"]
[Black "Shturman, Arseniy"]
[Result "0-1"]
[WhiteElo "2396"]
[BlackElo "2076"]
[PlyCount "90"]
[EventDate "2023.07.11"]
[EventType "swiss (blitz)"]
[EventRounds "11"]
[EventCountry "USA"]
[SourceTitle "EXT 2024"]
[Source "ChessBase"]
[SourceDate "2023.10.10"]
[SourceVersion "1"]
[SourceVersionDate "2023.10.10"]
[SourceQuality "1"]

1. c4 Nf6 2. Nc3 g6 3. g3 Bg7 4. Bg2 0-0 5. d4 d6 6. Nf3 c6 7. 0-0 Qb6 8. b3 e5 9. c5 dxc5 10. dxe5 Ng4 11. Ne4 Nxe5 12. Nxe5 Bxe5 13. Bh6 Rd8 14. Qc1 Bf5 15. Qg5 Nd7 16. Rad1 Qc7 17. Rxd7 Qxd7 18. Nf6+ Bxf6 19. Qxf6 Qd4 20. Qg5 f6 21. Qc1 Be4 22. Bh3 Kf7 23. Be3 Qd5 24. f3 Bf5 25. Bg2 b6 26. Bf2 Qd2 27. Qc4+ Be6 28. Qh4 h5 29. e4 Rh8 30. f4 Kg7 31. e5 Raf8 32. exf6+ Rxf6 33. Qg5 Bf5 34. Re1 Rhf8 35. Re7+ R8f7 36. Rxf7+ Rxf7 37. h4 Rd7 38. Bxc6 Qd1+ 39. Kg2 Rc7 40. Bf3 Qd7 41. Be3 Qe7 42. Bc1 Qxg5 43. hxg5 Rd7 44. Bb2+ Kf7 45. Be2 Rd2 0-1

[Event "Titled Tuesday intern op 27th Jun Early"]
[Site "Chess.com INT"]
[Date "2023.06.27"]
[Round "2"]
[White "Ismagilov, Damir"]
[Black "Liu, Zhaoqi"]
[Result "0-1"]
[WhiteElo "2156"]
[BlackElo "2404"]
[PlyCount "122"]
[EventDate "2023.06.27"]
[EventType "swiss (blitz)"]
[EventRounds "11"]
[EventCountry "USA"]
[SourceTitle "EXT 2024"]
[Source "ChessBase"]
[SourceDate "2023.10.10"]
[SourceVersion "1"]
[SourceVersionDate "2023.10.10"]
[SourceQuality "1"]

1. d4 Nf6 2. Bf4 c5 3. e3 d5 4. c3 Nc6 5. Nd2 Qb6 6. Qb3 c4 7. Qc2 g6 8. e4 dxe4 9. Nxc4 Qd8 10. Ne2 Bg7 11. Ng3 0-0 12. Be2 Nd5 13. Qxe4 Nxf4 14. Qxf4 e5 15. Nxe5 Nxe5 16. dxe5 Qa5 17. 0-0 Bxe5 18. Qe4 Bg7 19. Rfd1 Be6 20. Bf3 Rab8 21. a3 h5 22. Qb4 Qc7 23. Ne4 Rfd8 24. Ng5 Bf5 25. Bd5 Rd7 26. Bb3 Rbd8 27. Rxd7 Rxd7 28. Qc4 Qxc4 29. Bxc4 Bh6 30. Nf3 Bg7 31. h3 Bf6 32. Kf1 Kg7 33. Ke2 b6 34. Rd1 Rc7 35. Bd3 Be6 36. Kf1 Re7 37. Bc2 Bc4+ 38. Kg1 Re2 39. Ne1 Re7 40. g3 Ba6 41. h4 Bb7 42. Bd3 Bc6 43. Bf1 a5 44. Bg2 Ba4 45. Rc1 Re2 46. Nd3 Bb5 47. Bf1 Bxd3 48. Bxe2 Bxe2 49. b4 a4 50. f4 Bc4 51. Kf2 b5 52. Ke3 Kf8 53. Kd2 Ke7 54. Re1+ Kd7 55. Re4 Kd6 56. Re1 Kd7 57. Re3 Bd8 58. Rf3 Ke6 59. Re3+ Kf5 60. Re8 Bb6 61. Rb8 Bf2 0-1

[Event "Titled Tuesday intern op 27th Jun Early"]
[Site "Chess.com INT"]
[Date "2023.06.27"]
[Round "1"]
[White "Liu, Zhaoqi"]
[Black "Danielyan, Vahe"]
[Result "0-1"]
[WhiteElo "2404"]
[BlackElo "2346"]
[PlyCount "22"]
[EventDate "2023.06.27"]
[EventType "swiss (blitz)"]
[EventRounds "11"]
[EventCountry "USA"]
[SourceTitle "EXT 2024"]
[Source "ChessBase"]
[SourceDate "2023.10.10"]
[SourceVersion "1"]
[SourceVersionDate "2023.10.10"]
[SourceQuality "1"]

1. c4 Nf6 2. Nc3 g6 3. g3 Bg7 4. Bg2 0-0 5. d4 c5 6. d5 e6 7. Nf3 exd5 8. cxd5 d6 9. 0-0 Re8 10. Bf4 Ne4 11. Nxe4 Rxe4 0-1